00682nam a22002057a 450000500170000001000150001702000270003203500140005903700090007308200080008210000250009024500350011525000060015026000540015627000500021030000190026094200220027999900190030195201560032020250911170905.0 aENG-145495 c650.00a978-9355017468 aEN-129027 bDBAD a000 aAggarwal, R.S985008 aSSC Mathematics/cR.S Aggarwal a1 aUttar PradeshbS Chand and Company Limited c2025 bUttar PradeshaD-92, Sector-2, Noida e201301 avpp.c25cm(pb) 2ddccENh000mAGG c213415d213415 001040718NFICaDBADbDBADd2025-09-11eDelivery of Books Act Divisiong650.00l0o000 AGGpEN-129027r2025-09-11 00:00:00t1v650.00w2025-09-11yEN